000 00466nam a2200169Ia 4500
001 58976
008 150822n2014 ii |||gr||||Z||||||465
020 _a81-7304-587-9
245 0 _aEarly India :
_bA Concise History /
_cD.N.Jha .
_hTextual Documents
250 _aIst ed.
260 _aNew Delhi
_bManohar Publishers
_c2014
300 _a269pg:
_c23cm.
653 _aHistory-Early India
653 _aDeptt-History
700 _aJha,D.N.,
_eAuthor.
942 _2ddc
_cBK
999 _c58862
_d58862